| 000 | 01093cam a2200277 i 4500 | ||
|---|---|---|---|
| 003 | SA-RiAUC | ||
| 005 | 20250720070543.0 | ||
| 008 | 250711s1994 su a g 00010 ara c | ||
| 020 | _a9960277194 | ||
| 040 |
_aSA-JeALM _bara _cSA-RiAUC _erda |
||
| 043 | _aa-su--- | ||
| 082 | 0 | 4 |
_a398.90953121 _qSA-RiAUC |
| 090 |
_a398.90953121 _bر ض ا |
||
| 100 | 1 |
_aرضا، فؤاد علي، _d1331 هجري- _eمؤلف. |
|
| 245 | 1 | 2 |
_aالأمثال الشعبية في أم القرى وما حولها / _cتأليف فؤاد علي رضا. |
| 250 | _aالطبعة الأولى. | ||
| 264 | 3 |
_aالرياض : _bمطابع الجمعة الإلكترونية _c1998 |
|
| 300 |
_a116 صفحة : _bرسومات ؛ _c24 سم |
||
| 336 |
_aنص _btxt _2rdacontent _3كتاب |
||
| 337 |
_aبدون وسيط _bn _2rdamedia |
||
| 338 |
_aمجلد _bnc _2rdacarrier |
||
| 650 | 7 |
_aالأمثال العربية _zمكة المكرمة _2aucsh |
|
| 650 | 7 |
_aالأمثال العامية العربية _zمكة المكرمة _2aucsh |
|
| 942 |
_2ddc _cBOOK _n0 |
||
| 949 |
_aSA-JeALM _d250711 _uosman123 _n1 |
||
| 999 |
_c10137 _d10137 |
||